00271 a2200109 4500001000700000020000600007040001100013100002700024240005300051245004800104362000900152169260 a  cMagnum aTeixeira Junior, Jober10aFutebol de salao: uma nova visao pedagogicalpor10aFutebol de salao: uma nova visao pedagogica0 a1899